000
00242 a2200097 4500
001
52403
100
_a
Von Aulock
245
_a
Linear Ferrite Devices for Microwave Applications
260
_a
London
_b
Academic Press
_c
090
_c
32970
_d
32970
942
_a
NUST-CAE
_c
M
_c
25525
999
_c
287476
_d
287476